Normal view
MARC view
- Degwekar Devashree
Entry Personal Name
001 - CONTROL NUMBER
- control field: 182324
003 - CONTROL NUMBER IDENTIFIER
- control field: OSt
005 - DATE AND TIME OF LATEST TRANSACTION
- control field: 20230605084933.0
008 - FIXED-LENGTH DATA ELEMENTS
- fixed length control field: 230605|| aca||aabn | a|a d
040 ## - CATALOGING SOURCE
- Original cataloging agency: OSt
- Transcribing agency: OSt
100 ## - HEADING--PERSONAL NAME
- Personal name: Degwekar Devashree
670 ## - SOURCE DATA FOUND
- Source citation: Work cat.: (OSt)160386: Degwekar Devashree, Wine Park At Nashik, 2012